00913cam a22002654a 450000100090000000300040000900500170001300800410003001000170007102000280008802000480011604000180016404200080018205000230019008200120021310000270022524500950025225000130034726000410036030000770040150000740047850400510055265000150060370000290061813382629OSt20160716101456.0031024s2005 maua b 001 0 eng  a 2003061502 a0072819359 (alk. paper) a007111212X (international ed. : alk. paper) aDLCcDLCdDLC apcc00aHB171.5b.M47 200500a3302221 aMcConnell, Campbell R.10aEconomics :bprinciples, problems, and policies /cCampbell R. McConnell, Stanley L. Brue. a16th ed. aBoston :bMcGraw-Hill/Irwin,cc2005. axxx, 733, G-G26, I1-24 p. :bcol. ill. ;c27 cm. +e1 CD-ROM (4 3/4 in.) aVarious multi-media supplements are available to supplement the text. aIncludes bibliographical references and index. 0aEconomics.1 aBrue, Stanley L.,d1945-